[Event "Prague Golden U20 op 17th"]
[Site "Prague"]
[Date "2022.06.25"]
[Round "7"]
[White "Danek, Daniel"]
[Black "Senft, Antonin"]
[Result "1-0"]
[WhiteElo "1183"]
[BlackElo "1278"]
[PlyCount "95"]
[EventDate "2022.06.25"]
[EventType "swiss"]
[EventRounds "7"]
[EventCountry "CZE"]
[SourceTitle "EXT 2023"]
[Source "ChessBase"]
[SourceDate "2022.10.05"]
[SourceVersion "1"]
[SourceVersionDate "2022.10.05"]
[SourceQuality "1"]

1. e4 e5 2. Nf3 Nf6 3. Nc3 Bc5 4. h3 Nc6 5. Bc4 0-0 6. d3 h6 7. a3 Ne7 8. Nxe5 d6 9. Nf3 c6 10. d4 Bb6 11. Be3 Ba5 12. b4 Bc7 13. Bb3 d5 14. e5 Ne4 15. Nxe4 dxe4 16. Nd2 Bf5 17. f3 exf3 18. Qxf3 Bg6 19. g4 Nd5 20. Bxd5 cxd5 21. c3 a5 22. 0-0 Qh4 23. Bf2 Qg5 24. Qe3 Qe7 25. Nb3 axb4 26. axb4 b6 27. Qf3 Be4 28. Qe3 f6 29. Nd2 Bg6 30. exf6 Qd6 31. Nf3 Rxa1 32. Rxa1 Rxf6 33. Ra8+ Kh7 34. Ne5 Be4 35. Bh4 Re6 36. Qf4 b5 37. Qf8 Qxf8 38. Rxf8 Bxe5 39. dxe5 Rxe5 40. Kf2 g5 41. Bg3 Re7 42. Rb8 Bd3 43. Rd8 Bc4 44. Rd6 Re2+ 45. Kf3 Rc2 46. Be5 Rb2 47. Rd7+ Kg6 48. Rg7# 1-0

[Event "Prague Golden U20 op 17th"]
[Site "Prague"]
[Date "2022.06.25"]
[Round "3"]
[White "Senft, Antonin"]
[Black "Koslerova, Denisa Annie"]
[Result "1-0"]
[WhiteElo "1278"]
[BlackElo "1074"]
[PlyCount "97"]
[EventDate "2022.06.25"]
[EventType "swiss"]
[EventRounds "7"]
[EventCountry "CZE"]
[SourceTitle "EXT 2023"]
[Source "ChessBase"]
[SourceDate "2022.10.05"]
[SourceVersion "1"]
[SourceVersionDate "2022.10.05"]
[SourceQuality "1"]

1. e4 e5 2. Nf3 Nc6 3. Bc4 h6 4. d4 d6 5. d5 Nd4 6. Nxd4 exd4 7. Qxd4 Nf6 8. 0-0 Be7 9. Bb5+ Bd7 10. Bxd7+ Qxd7 11. c4 0-0 12. Nc3 c5 13. Qd3 Rab8 14. Be3 Ng4 15. Bf4 Bf6 16. h3 Ne5 17. Bxe5 Bxe5 18. f4 Bd4+ 19. Kh1 Rfe8 20. Qc2 b5 21. Nxb5 Bf6 22. Rae1 a6 23. Nc3 Bh4 24. Re3 Bf6 25. b3 Bd4 26. Ree1 f6 27. Ne2 Be3 28. Qd3 Bd4 29. Nxd4 cxd4 30. Qxd4 Qf7 31. e5 Rbd8 32. e6 Qf8 33. f5 Re7 34. Qb6 Ra8 35. Qxd6 Kh7 36. Rf2 g6 37. fxg6+ Kxg6 38. Qg3+ Kh7 39. d6 Rg7 40. Qf4 Raa7 41. Qxf6 Qxf6 42. Rxf6 Kg8 43. e7 Ra8 44. d7 Rxe7 45. Rxe7 Rd8 46. Re8+ Rxe8 47. dxe8Q+ Kh7 48. Qg6+ Kh8 49. Rf8# 1-0

[Event "Prague Golden U20 op 17th"]
[Site "Prague"]
[Date "2022.06.25"]
[Round "6"]
[White "Senft, Antonin"]
[Black "Vyslysel, Petr"]
[Result "1-0"]
[WhiteElo "1278"]
[BlackElo "1182"]
[PlyCount "111"]
[EventDate "2022.06.25"]
[EventType "swiss"]
[EventRounds "7"]
[EventCountry "CZE"]
[SourceTitle "EXT 2023"]
[Source "ChessBase"]
[SourceDate "2022.10.05"]
[SourceVersion "1"]
[SourceVersionDate "2022.10.05"]
[SourceQuality "1"]

1. e4 e5 2. Nf3 Nf6 3. Nxe5 d6 4. Nf3 Nxe4 5. d4 d5 6. Bd3 Nc6 7. 0-0 Be7 8. Re1 Bg4 9. c3 f5 10. h3 Bxf3 11. Qxf3 0-0 12. Bf4 Bg5 13. Bxg5 Qxg5 14. Bxe4 fxe4 15. Qe3 Qf6 16. Nd2 Ne7 17. f3 Nf5 18. Qf4 Qb6 19. Qe5 Qxb2 20. Qxd5+ Kh8 21. Nxe4 c6 22. Qb3 Qxb3 23. axb3 a6 24. Nc5 Rab8 25. Nd7 Kg8 26. Nxb8 Rxb8 27. g4 Nd6 28. Re6 Nb5 29. Rae1 Nxc3 30. Re8+ Rxe8 31. Rxe8+ Kf7 32. Rb8 b5 33. Rb7+ Kf8 34. Rb6 Ne2+ 35. Kf2 Nxd4 36. Rxa6 c5 37. Ra5 Ke7 38. Ke3 Kd6 39. Ke4 b4 40. Ra6+ Kc7 41. Ra7+ Kb6 42. Rxg7 Nxb3 43. f4 c4 44. Rg8 c3 45. Rc8 Kb5 46. f5 Nc5+ 47. Kd5 Nd7 48. Rc7 Nb6+ 49. Kd4 Na4 50. f6 b3 51. f7 b2 52. f8Q b1Q 53. Rb7+ Nb6 54. Qc5+ Ka4 55. Ra7+ Kb3 56. Qxc3# 1-0

[Event "Prague-G"]
[Site "Prague"]
[Date "2019.03.12"]
[Round "5.2"]
[White "Stevik, Patrik"]
[Black "Senft, Antonin"]
[Result "0-1"]
[WhiteElo "1405"]
[BlackElo "1307"]
[PlyCount "132"]
[EventDate "2019.03.09"]
[EventType "tourn"]
[EventRounds "9"]
[EventCountry "CZE"]
[SourceTitle "CBM 189 Extra"]
[Source "ChessBase"]
[SourceDate "2019.06.03"]
[SourceVersion "1"]
[SourceVersionDate "2019.06.03"]
[SourceQuality "1"]

1. e4 c6 2. d4 d5 3. e5 Bf5 4. Bd3 Bxd3 5. Qxd3 e6 6. f4 Nd7 7. c3 c5 8. b3 Rc8 9. Nf3 cxd4 10. Nxd4 Bc5 11. Be3 Bxd4 12. Bxd4 b6 13. Nd2 Ne7 14. 0-0 Nf5 15. Nf3 0-0 16. g4 Nxd4 17. cxd4 f6 18. h4 fxe5 19. fxe5 h6 20. Qg6 Qe7 21. g5 Qf7 22. Qd3 Qh5 23. Rf2 hxg5 24. hxg5 Qh3 25. Raf1 Rf4 26. Rh2 Rg4+ 27. Kf2 Qg3+ 28. Ke2 Re4+ 29. Kd1 Qf4 30. Qd2 Qg4 31. Rg2 Qh3 32. g6 Rf8 33. Rgf2 Rff4 34. Qc3 Qg4 35. Kc1 Qxg6 36. Qc8+ Nf8 37. Rg1 Qxg1+ 38. Nxg1 Rxf2 39. Qc3 Rf1+ 40. Kb2 Rxg1 41. Qc7 Re2+ 42. Ka3 a5 43. Ka4 Rxa2+ 44. Kb5 Rb1 45. Kxb6 Rxb3+ 46. Ka6 g5 47. Qc1 Rg2 48. Qf1 Rd2 49. Qg1 Nh7 50. Qg4 Rdb2 51. Qxe6+ Kg7 52. Qe7+ Kh6 53. Qe6+ Kh5 54. Qf7+ Kg4 55. Qxh7 Rb6+ 56. Ka7 Rb7+ 57. Qxb7 Rxb7+ 58. Kxb7 Kf5 59. Kc6 a4 60. Kxd5 a3 61. e6 Kf6 62. Kd6 a2 63. e7 a1Q 64. e8Q Qxd4+ 65. Kc7 Qc5+ 66. Kb8 Qe5+ 0-1

[Event "Prague-G"]
[Site "Prague"]
[Date "2019.03.11"]
[Round "4.5"]
[White "Senft, Antonin"]
[Black "Horackova, Isabela"]
[Result "1-0"]
[WhiteElo "1307"]
[BlackElo "1150"]
[PlyCount "79"]
[EventDate "2019.03.09"]
[EventType "tourn"]
[EventRounds "9"]
[EventCountry "CZE"]
[SourceTitle "CBM 189 Extra"]
[Source "ChessBase"]
[SourceDate "2019.06.03"]
[SourceVersion "1"]
[SourceVersionDate "2019.06.03"]
[SourceQuality "1"]

1. e4 e5 2. Nf3 Nc6 3. Bc4 Be7 4. c3 Nf6 5. Qc2 0-0 6. d4 exd4 7. cxd4 d5 8. exd5 Nxd5 9. 0-0 Bf6 10. Qe4 Nde7 11. Ng5 Bxg5 12. Bxg5 Bf5 13. Qe3 Re8 14. Re1 Kh8 15. Bxf7 Rf8 16. Bxe7 Nxe7 17. Qxe7 Qxd4 18. Nc3 c6 19. Rad1 Qb6 20. Re5 Bg6 21. Na4 Qa6 22. Bxg6 hxg6 23. Nc5 Qxa2 24. Ne6 Qxe6 25. Rxe6 Rae8 26. Qxe8 Rxe8 27. Rxe8+ Kh7 28. Rd3 Kh6 29. f4 g5 30. f5 Kh5 31. Rd4 g4 32. Rg8 Kg5 33. Rxg7+ Kxf5 34. Rgxg4 Ke5 35. Ra4 a6 36. Rg5+ Kd6 37. Raa5 Kc7 38. h4 Kb6 39. h5 Ka7 40. h6 1-0

[Event "Prague-G"]
[Site "Prague"]
[Date "2019.03.10"]
[Round "3.1"]
[White "Senft, Antonin"]
[Black "Paseka, Petr"]
[Result "0-1"]
[WhiteElo "1307"]
[BlackElo "1601"]
[PlyCount "88"]
[EventDate "2019.03.09"]
[EventType "tourn"]
[EventRounds "9"]
[EventCountry "CZE"]
[SourceTitle "CBM 189 Extra"]
[Source "ChessBase"]
[SourceDate "2019.06.03"]
[SourceVersion "1"]
[SourceVersionDate "2019.06.03"]
[SourceQuality "1"]

1. e4 e5 2. Nf3 Nc6 3. Bc4 Bc5 4. c3 d6 5. d4 exd4 6. cxd4 Bb4+ 7. Bd2 Bxd2+ 8. Nbxd2 Bg4 9. h3 Bd7 10. 0-0 Nge7 11. Qb3 0-0 12. Ng5 d5 13. exd5 Na5 14. Qd3 Bf5 15. Qf3 Nxc4 16. Nxc4 Qxd5 17. Qxd5 Nxd5 18. Rfe1 f6 19. Nf3 Rfe8 20. Rac1 Nf4 21. Rcd1 Rxe1+ 22. Nxe1 Rd8 23. Kf1 Be6 24. b3 b6 25. Nd3 Bxc4 26. bxc4 Rxd4 27. Nb2 Rxd1+ 28. Nxd1 Kf7 29. f3 Ke7 30. Kf2 Kd6 31. Kg3 Nd3 32. f4 Kc5 33. Ne3 Nb2 34. Kf3 Nxc4 35. Nxc4 Kxc4 36. g4 Kd4 37. h4 c5 38. h5 h6 39. g5 fxg5 40. fxg5 c4 41. Kf4 c3 42. gxh6 gxh6 43. Kf5 c2 44. Kg6 c1Q 0-1